[Event "I Open Amatori"]
[Site "Arvier ITA"]
[Date "2011.01.03"]
[Round "1"]
[White "Gromovs, Sergejs"]
[Black "Pierantoni, Mauro"]
[Result "1-0"]
[WhiteElo "2284"]
[BlackElo "1823"]
[PlyCount "51"]
[EventDate "2011.01.03"]

1. d4 e6 2. c4 Nf6 3. Nf3 d5 4. Nc3 Be7 5. Bf4 c6 6. e3 O-O 7. Qc2 Nh5 8. Be5
g6 9. Bd3 Bf6 10. g4 Bxe5 11. dxe5 Ng7 12. O-O-O Nd7 13. h4 Nc5 14. Be2 Qe7 15.
h5 f5 16. hxg6 hxg6 17. gxf5 Nxf5 18. Rdg1 Qg7 19. Nh4 g5 20. Nxf5 Rxf5 21. f4
Bd7 22. b4 Ne4 23. Nxe4 dxe4 24. Bg4 Rxe5 25. fxe5 Qxe5 26. Qb2 1-0

[Event "I Open Amatori"]
[Site "Arvier ITA"]
[Date "2011.01.03"]
[Round "1"]
[White "Cattaneo, Roger"]
[Black "Ranieri, Fabrizio"]
[Result "0-1"]
[WhiteElo "1768"]
[BlackElo "2279"]
[PlyCount "50"]
[EventDate "2011.01.03"]

1. e4 e6 2. Nf3 d5 3. exd5 exd5 4. d4 Nc6 5. Bf4 Bd6 6. Bg3 Nge7 7. Be2 Bf5 8.
c3 Qd7 9. Bd3 Bg4 10. Nbd2 O-O-O 11. Bxd6 Qxd6 12. O-O Ng6 13. Qc2 Qf6 14. h3
Be6 15. Rae1 Nf4 16. Kh2 g5 17. Ne5 Ne7 18. Ng4 Bxg4 19. hxg4 h5 20. Bf5+ Kb8
21. Kg1 hxg4 22. Bxg4 Qh6 23. f3 Qh2+ 24. Kf2 Qxg2+ 25. Ke3 Rh2 0-1

[Event "I Open Amatori"]
[Site "Arvier ITA"]
[Date "2011.01.03"]
[Round "1"]
[White "Yeuillaz, Corrado"]
[Black "Fragni, Enrico"]
[Result "1-0"]
[WhiteElo "2235"]
[BlackElo "1753"]
[PlyCount "65"]
[EventDate "2011.01.03"]

1. e4 c6 2. d4 d6 3. Nf3 Bg4 4. h3 Bxf3 5. Qxf3 e5 6. dxe5 dxe5 7. Bc4 Qc7 8.
O-O Nf6 9. Nc3 Bc5 10. Bg5 Nbd7 11. Ne2 h6 12. Bc1 Nb6 13. Bb3 O-O-O 14. a4 a5
15. c3 Kb8 16. Bc2 Nc4 17. Bd3 Nd6 18. Rb1 Nh7 19. b4 axb4 20. cxb4 Ba7 21. b5
cxb5 22. axb5 Ng5 23. Bxg5 hxg5 24. Rfc1 Qb6 25. Nc3 Rc8 26. Rc2 Qd8 27. Nd5
Rxc2 28. Bxc2 Bb6 29. Qa3 Kc8 30. Qa8+ Kd7 31. Nxb6+ Qxb6 32. Qxh8 Qc5 33. Bb3
1-0

[Event "I Open Amatori"]
[Site "Arvier ITA"]
[Date "2011.01.03"]
[Round "1"]
[White "Bellotti, Giuseppe"]
[Black "Marguerettaz, Davy"]
[Result "0-1"]
[WhiteElo "1706"]
[BlackElo "2155"]
[PlyCount "54"]
[EventDate "2011.01.03"]

1. e4 c5 2. Nf3 Nc6 3. d4 cxd4 4. Nxd4 g6 5. Nc3 Bg7 6. Be3 Nf6 7. Be2 O-O 8.
f4 d6 9. Bf3 Qb6 10. Qd2 Qxb2 11. Rb1 Qa3 12. O-O Nxd4 13. Bxd4 e5 14. Rb3 Qa5
15. Rb5 Qd8 16. fxe5 dxe5 17. Be3 Qxd2 18. Bxd2 b6 19. Nd5 Ba6 20. Nxf6+ Bxf6
21. Be2 Bxb5 22. Bxb5 Be7 23. Bc6 Rac8 24. Bd5 Kg7 25. c4 Bc5+ 26. Kh1 f5 27.
exf5 Rxf5 0-1

[Event "I Open Amatori"]
[Site "Arvier ITA"]
[Date "2011.01.03"]
[Round "1"]
[White "Raineri, Valerio"]
[Black "Tedesco, Fernando"]
[Result "1-0"]
[WhiteElo "2146"]
[BlackElo "1700"]
[PlyCount "57"]
[EventDate "2011.01.03"]

1. e4 e5 2. Nf3 d6 3. d4 Be7 4. dxe5 Be6 5. exd6 Bxd6 6. Nc3 Bb4 7. Qxd8+ Kxd8
8. Bd2 Nf6 9. Bd3 a6 10. h3 h6 11. a3 Bxc3 12. Bxc3 Nbd7 13. O-O-O Ke7 14. Nd2
c5 15. f4 Nb8 16. f5 Bd7 17. Rhe1 Re8 18. Nc4 Nc6 19. Nb6 Rad8 20. Nd5+ Kf8 21.
Nxf6 gxf6 22. Bxf6 Rc8 23. Bxa6 Nd4 24. Bxb7 Rb8 25. Bd5 Bb5 26. Bxd4 cxd4 27.
Rxd4 Re5 28. Rb4 Rbe8 29. Rxb5 1-0

[Event "I Open Amatori"]
[Site "Arvier ITA"]
[Date "2011.11.03"]
[Round "1"]
[White "Gaglianese, Marco"]
[Black "Franceschi, Riccardo"]
[Result "0-1"]
[WhiteElo "1697"]
[BlackElo "2090"]
[PlyCount "74"]
[EventDate "2011.01.03"]

1. d4 d5 2. Bf4 Nf6 3. e3 e6 4. Nf3 Be7 5. Ne5 Nbd7 6. Nd2 c5 7. c3 O-O 8. Bd3
Re8 9. Qf3 Nf8 10. Bg5 Ng6 11. Qh3 Nd7 12. Nxg6 hxg6 13. Bxe7 Qxe7 14. g4 e5
15. O-O-O cxd4 16. exd4 Qg5 17. Kb1 e4 18. Bb5 a6 19. Ba4 b5 20. Bb3 Nf6 21.
Qg3 Qxg4 22. Rde1 Bf5 23. Ka1 a5 24. a3 b4 25. c4 bxa3 26. bxa3 dxc4 27. Bxc4
Red8 28. Qe3 Rac8 29. h3 Qh4 30. f3 exf3 31. Nxf3 Qg3 32. Reg1 Qd6 33. Rc1 Nd5
34. Qb3 Ra8 35. Qa2 Be6 36. Ne5 Ne3 37. Bxe6 Qxd4+ 0-1

[Event "I Open Amatori"]
[Site "Arvier ITA"]
[Date "2011.01.03"]
[Round "1"]
[White "Barazzetta, Massimo"]
[Black "Piazza, Giacomo"]
[Result "0-1"]
[WhiteElo "2022"]
[BlackElo "1658"]
[PlyCount "78"]
[EventDate "2011.01.03"]

1. e4 d6 2. d4 g6 3. f4 Bg7 4. Nf3 Nd7 5. Bc4 e6 6. O-O Ne7 7. Qe2 a6 8. c3 c6
9. Bb3 b5 10. Ng5 h6 11. Nxf7 Kxf7 12. f5 Nf6 13. fxg6+ Kg8 14. e5 dxe5 15.
dxe5 Nfd5 16. Qe4 Nf5 17. a4 Bb7 18. c4 bxc4 19. Bxc4 a5 20. Ra3 Ba6 21. Bxa6
Rxa6 22. Raf3 Nde7 23. Rd3 Qe8 24. Qc4 Qxg6 25. Qxa6 Bxe5 26. Rff3 Kh7 27. Qc4
Rg8 28. g3 Nd6 29. Qc2 Bd4+ 30. Kg2 c5 31. Nc3 c4 32. Rd2 Nef5 33. Kh1 e5 34.
Rg2 Re8 35. Ne4 Nxe4 36. Rxf5 Qxf5 37. Qxc4 Nf2+ 38. Rxf2 Qxf2 39. Qc7+ Kh8 0-1

[Event "I Open Amatori"]
[Site "Arvier ITA"]
[Date "2011.01.03"]
[Round "1"]
[White "Bosticardo, Tommaso"]
[Black "Baloire, Endy"]
[Result "0-1"]
[WhiteElo "1649"]
[BlackElo "1962"]
[PlyCount "70"]
[EventDate "2011.01.03"]

1. d4 d5 2. c4 e6 3. Nc3 Nf6 4. cxd5 exd5 5. Bg5 Nbd7 6. e3 c6 7. Qc2 Be7 8.
Bd3 O-O 9. Nge2 Re8 10. O-O g6 11. f3 Nb6 12. e4 Nh5 13. Bxe7 Qxe7 14. Rad1 Be6
15. a3 a5 16. Rfe1 Qf8 17. Qd2 c5 18. Bb5 Red8 19. Nf4 Nxf4 20. Qxf4 cxd4 21.
Rxd4 Qc5 22. Qe3 Kg7 23. b4 axb4 24. axb4 Qc7 25. Red1 dxe4 26. Rxd8 Rxd8 27.
Rxd8 Qxd8 28. Qxe4 Nc8 29. Qe3 Qd6 30. Qe4 Bf5 31. Qc4 Qe5 32. Ne2 Nd6 33. Qd4
Kf6 34. Kf2 Nxb5 35. Qd8+ Kg7 0-1

[Event "I Open Amatori"]
[Site "Arvier ITA"]
[Date "2011.01.03"]
[Round "1"]
[White "Riboldi, Raffaele"]
[Black "Scalfi, Agostino"]
[Result "1/2-1/2"]
[WhiteElo "1928"]
[BlackElo "1559"]
[PlyCount "46"]
[EventDate "2011.01.03"]

1. d4 d5 2. c4 Bf5 3. Nc3 e6 4. cxd5 exd5 5. Qb3 Nc6 6. Qxd5 Nxd4 7. e4 Be6 8.
Qxd8+ Rxd8 9. Bd3 Bb4 10. Nge2 Nf3+ 11. gxf3 Rxd3 12. Be3 a6 13. O-O Nf6 14.
Nf4 Rd7 15. Nxe6 fxe6 16. Ne2 O-O 17. a3 Bd6 18. Rfd1 e5 19. Rd3 Rdf7 20. Ng3
g6 21. Bh6 Re8 22. Rad1 Bf8 23. Bg5 Bd6 1/2-1/2

[Event "I Open Amatori"]
[Site "Arvier ITA"]
[Date "2011.01.03"]
[Round "1"]
[White "Aral, Simone"]
[Black "Belabbas, Abdellah"]
[Result "1-0"]
[WhiteElo "1503"]
[BlackElo "1890"]
[PlyCount "91"]
[EventDate "2011.01.03"]

1. e4 c5 2. Nf3 Nc6 3. Bb5 Nd4 4. Nxd4 cxd4 5. c3 Qb6 6. Qe2 e5 7. cxd4 exd4 8.
b3 Ne7 9. Bc4 Nc6 10. Bb2 Be7 11. Na3 Bf6 12. d3 O-O 13. O-O a6 14. Nc2 Re8 15.
f4 d6 16. Rae1 Be6 17. Na3 Bxc4 18. Nxc4 Qc7 19. Qf3 b5 20. Nd2 Qa5 21. Qf2
Qxa2 22. Nf3 Qxb3 23. Rd1 Rac8 24. Bxd4 Nxd4 25. Nxd4 Qc3 26. Nf5 g6 27. Qg3
Kh8 28. Nh6 Re7 29. h3 Rxe4 30. Nxf7+ Kg7 31. Nxd6 Re3 32. Nf5+ Kh8 33. Nxe3
Bd4 34. Rc1 Qxc1 35. Rxc1 Rxc1+ 36. Kf2 b4 37. Qg5 Rc8 38. Qd5 Bc3 39. d4 Re8
40. Ng4 Be1+ 41. Kf3 Bh4 42. g3 Bd8 43. Qd7 Rf8 44. Qd6 Kg8 45. Qe6+ Kg7 46.
Qd7+ 1-0

[Event "I Open Amatori"]
[Site "Arvier ITA"]
[Date "2011.01.03"]
[Round "1"]
[White "Zerba, Fabio"]
[Black "Bogatto, Mario"]
[Result "1-0"]
[WhiteElo "1844"]
[BlackElo "1458"]
[PlyCount "53"]
[EventDate "2011.01.03"]

1. d4 d5 2. c4 e6 3. e3 c6 4. cxd5 exd5 5. Nf3 Nf6 6. Nc3 Bg4 7. Bd3 Nbd7 8. h3
Bxf3 9. Qxf3 Be7 10. a3 a5 11. b3 O-O 12. g4 Ne8 13. Ke2 g6 14. Qg2 Ng7 15. f4
Re8 16. h4 Nf8 17. h5 gxh5 18. gxh5 h6 19. Rg1 Bf6 20. Kd2 Qe7 21. Kc2 Nfe6 22.
Ne2 Qf8 23. Bb2 Kh8 24. Ng3 Qg8 25. Qh3 Qf8 26. Nf5 Nxf5 27. Qxf5 1-0

[Event "I Open Amatori"]
[Site "Arvier ITA"]
[Date "2011.01.04"]
[Round "2"]
[White "Franceschi, Riccardo"]
[Black "Gromovs, Sergejs"]
[Result "0-1"]
[WhiteElo "2090"]
[BlackElo "2284"]
[PlyCount "140"]
[EventDate "2011.01.03"]

1. e4 c5 2. c3 Nf6 3. e5 Nd5 4. Nf3 d6 5. d4 cxd4 6. Qxd4 e6 7. exd6 Qxd6 8.
Na3 Nc6 9. Bb5 Bd7 10. Bxc6 bxc6 11. Nc4 Qc7 12. Qe5 f6 13. Qg3 Qxg3 14. hxg3
e5 15. Nfd2 Bf5 16. Nb3 O-O-O 17. Ne3 Bd3 18. Bd2 c5 19. Na5 Kc7 20. O-O-O Nxe3
21. Bxe3 c4 22. f3 Rd5 23. b4 cxb3 24. Nxb3 Ba3+ 25. Kd2 Bf1+ 26. Ke1 Rxd1+ 27.
Kxd1 Bxg2 28. Rh4 Bxf3+ 29. Ke1 e4 30. Nd4 g5 31. Rh6 Be7 32. Kf2 g4 33. Nf5
Kd7 34. Nxe7 Kxe7 35. Bxa7 Ke6 36. Bd4 Ra8 37. Rxf6+ Kd5 38. Rh6 Rxa2+ 39. Ke3
Rg2 40. Kf4 Kc4 41. Rxh7 Kd3 42. Re7 Rc2 43. Re8 Ra2 44. Rd8 Ke2 45. Re8 Ra6
46. Re7 Ra8 47. Rf7 Re8 48. Be3 Kd3 49. Rd7+ Kxc3 50. Rd5 Rf8+ 51. Ke5 Rf7 52.
Rd6 Bg2 53. Bd2+ Kc4 54. Rd4+ Kb3 55. Bg5 Kc3 56. Rd2 Bf3 57. Rd6 Rf8 58. Be3
Kc4 59. Rd2 Bh1 60. Rd1 Bf3 61. Rd2 Ra8 62. Kf4 Ra3 63. Ke5 Kc3 64. Rd5 Rb3 65.
Rd8 Rb1 66. Rd7 Rf1 67. Bd2+ Kc2 68. Be3 Bg2 69. Rc7+ Kb2 70. Rb7+ Kc2 0-1

[Event "I Open Amatori"]
[Site "Arvier ITA"]
[Date "2011.01.04"]
[Round "2"]
[White "Ranieri, Fabrizio"]
[Black "Zerba, Fabio"]
[Result "1-0"]
[WhiteElo "2279"]
[BlackElo "1844"]
[PlyCount "89"]
[EventDate "2011.01.03"]

1. e4 d5 2. exd5 Qxd5 3. Nf3 Bg4 4. Be2 e6 5. d4 Nf6 6. c4 Bb4+ 7. Nc3 Bxc3+ 8.
bxc3 Qd8 9. Ba3 Nc6 10. Qb3 Rb8 11. O-O Ne4 12. Qc2 Bf5 13. Bd3 Ng5 14. Bxf5
Nxf3+ 15. gxf3 Qg5+ 16. Bg4 h5 17. Bc1 Qh4 18. Bxe6 fxe6 19. Qg6+ Kd7 20. Bg5
Ne7 21. Qxg7 Rh7 22. Qxe7+ Rxe7 23. Bxh4 Rg7+ 24. Kh1 Rf8 25. Rg1 Rxg1+ 26.
Rxg1 Rxf3 27. Rg3 Rf4 28. Rg7+ Kc6 29. Rxc7+ Kb6 30. Bg3 Rf3 31. Re7 Rxc3 32.
Rxe6+ Ka5 33. Re5+ Kb4 34. Rb5+ Ka4 35. Rxb7 Rxc4 36. Rxa7+ Kb4 37. d5 h4 38.
Kg2 hxg3 39. hxg3 Rd4 40. Rd7 Ka3 41. f4 Kxa2 42. f5 Rg4 43. f6 Rg8 44. f7 Rf8
45. g4 1-0

[Event "I Open Amatori"]
[Site "Arvier ITA"]
[Date "2011.01.04"]
[Round "2"]
[White "Baloire, Endy"]
[Black "Yeuillaz, Corrado"]
[Result "0-1"]
[WhiteElo "1962"]
[BlackElo "2235"]
[PlyCount "68"]
[EventDate "2011.01.03"]

1. d4 g6 2. Bf4 Bg7 3. e3 d6 4. c3 Nf6 5. Nf3 Nbd7 6. Be2 O-O 7. O-O Re8 8. h3
c6 9. Qb3 e5 10. Bh2 Qe7 11. Na3 Ne4 12. Rfd1 exd4 13. cxd4 Nb6 14. Nc4 Nxc4
15. Bxc4 h5 16. Bd3 Bf5 17. Rab1 Rad8 18. d5 Nc5 19. Qa3 Nxd3 20. Rxd3 Bxd3 21.
Qxd3 Qe4 22. Qxe4 Rxe4 23. dxc6 bxc6 24. b3 d5 25. Rc1 Rc8 26. Rc5 d4 27. Rc4
Rce8 28. Nd2 dxe3 29. Rxe4 Rxe4 30. fxe3 Rxe3 31. Kf1 Rc3 32. Nc4 Rc2 33. a4
Bd4 34. Bg3 Rc3 0-1

[Event "I Open Amatori"]
[Site "Arvier ITA"]
[Date "2011.01.04"]
[Round "2"]
[White "Marguerettaz, Davy"]
[Black "Aral, Simone"]
[Result "1-0"]
[WhiteElo "2155"]
[BlackElo "1503"]
[PlyCount "59"]
[EventDate "2011.01.03"]

1. e4 e6 2. d4 d5 3. Nc3 Bb4 4. e5 c5 5. a3 Bxc3+ 6. bxc3 cxd4 7. cxd4 Nc6 8.
Qg4 g6 9. Nf3 Qc7 10. Bd2 Bd7 11. Bd3 Nce7 12. O-O Nf5 13. Bxf5 exf5 14. Qf4
Be6 15. Bb4 Rc8 16. Bd6 Qd7 17. h4 Rc3 18. a4 b6 19. a5 b5 20. Qd2 Rc6 21. a6
Ne7 22. Qh6 Qd8 23. Rfb1 Rb6 24. Bc5 Rb8 25. Bxa7 Ra8 26. Bc5 Bd7 27. Ng5 Bc6
28. Qg7 Rg8 29. Qxf7+ Kd7 30. e6+ 1-0

[Event "I Open Amatori"]
[Site "Arvier ITA"]
[Date "2011.01.04"]
[Round "2"]
[White "Piazza, Giacomo"]
[Black "Raineri, Valerio"]
[Result "0-1"]
[WhiteElo "1658"]
[BlackElo "2146"]
[PlyCount "64"]
[EventDate "2011.01.03"]

1. Nf3 Nf6 2. b3 g6 3. Bb2 Bg7 4. c4 d6 5. e3 e5 6. d3 c6 7. Nbd2 O-O 8. Be2
Na6 9. a3 Nc7 10. e4 Ne6 11. g3 Ne8 12. Qc2 a5 13. h4 N8c7 14. a4 Na6 15. Ba3
Nac5 16. Bb2 Bd7 17. h5 Qe7 18. Nh4 b5 19. Ndf3 bxa4 20. bxa4 Rfb8 21. hxg6
fxg6 22. Bd1 Rxb2 23. Qc3 Rb4 24. Nd2 Nd4 25. Ng2 Rf8 26. O-O Qf6 27. f4 exf4
28. e5 Qxe5 29. Qc1 Nxd3 30. Qa3 Nb2 31. Re1 Qc5 32. Re7 Ne2+ 0-1

[Event "I Open Amatori"]
[Site "Arvier ITA"]
[Date "2011.01.04"]
[Round "2"]
[White "Belabbas, Abdellah"]
[Black "Riboldi, Raffaele"]
[Result "1-0"]
[WhiteElo "1890"]
[BlackElo "1928"]
[PlyCount "75"]
[EventDate "2011.01.03"]

1. d4 Nf6 2. Nc3 d5 3. e4 dxe4 4. f3 exf3 5. Nxf3 Bg4 6. h3 Bxf3 7. Qxf3 c6 8.
Be3 e6 9. Bd3 Be7 10. O-O O-O 11. Ne4 Nbd7 12. Ng5 g6 13. c4 Kg7 14. Rad1 h6
15. Ne4 Nxe4 16. Qxe4 Bg5 17. Bf2 Qc7 18. Be1 Rae8 19. h4 f5 20. Qf3 Bf6 21.
Bb1 e5 22. Qg3 Kh7 23. h5 Bg5 24. hxg6+ Kxg6 25. Bc3 Qb6 26. c5 Nxc5 27. dxc5
Qxc5+ 28. Kh1 e4 29. Rd6+ Kh7 30. Rd7+ Re7 31. Bd4 Qxd4 32. Rxd4 e3 33. Rxf5 e2
34. Re5+ Kh8 35. Rxe7 Rf1+ 36. Kh2 Bxe7 37. Qe5+ Bf6 38. Qe8+ 1-0

[Event "I Open Amatori"]
[Site "Arvier ITA"]
[Date "2011.01.04"]
[Round "2"]
[White "Tedesco, Fernando"]
[Black "Barazzetta, Massimo"]
[Result "0-1"]
[WhiteElo "1700"]
[BlackElo "2022"]
[PlyCount "90"]
[EventDate "2011.01.03"]

1. e4 d5 2. exd5 Nf6 3. Nf3 Nxd5 4. d3 Bg4 5. Be2 e6 6. Bd2 Bd6 7. O-O Nc6 8.
a3 Nf4 9. Bxf4 Bxf4 10. h3 Bh5 11. Nc3 O-O 12. Rb1 Ne7 13. Nd2 Bg6 14. Bf3 c6
15. Re1 Nf5 16. Nf1 Qe7 17. Be4 Rad8 18. Bxf5 Bxf5 19. Qe2 Rfe8 20. Kh1 a6 21.
Ne4 Bg6 22. f3 f5 23. Nc3 e5 24. Qf2 Bg5 25. Rbd1 Bf6 26. Rb1 Rd4 27. Ne2 Rd7
28. Nc3 c5 29. Nd2 b5 30. Nf1 Red8 31. Rbd1 Qe6 32. g4 fxg4 33. hxg4 Rd4 34.
Ne4 h6 35. Kg2 c4 36. Qe2 cxd3 37. cxd3 Bg5 38. Nxg5 Rxg4+ 39. Ng3 Rxg5 40. Rc1
Qd6 41. Kf2 Bxd3 42. Qe3 e4 43. f4 Rf8 44. f5 Rfxf5+ 45. Nxf5 Qh2# 0-1

[Event "I Open Amatori"]
[Site "Arvier ITA"]
[Date "2011.01.04"]
[Round "2"]
[White "Pierantoni, Mauro"]
[Black "Gaglianese, Marco"]
[Result "1-0"]
[WhiteElo "1823"]
[BlackElo "1697"]
[PlyCount "59"]
[EventDate "2011.01.03"]

1. d4 d5 2. c4 c6 3. Nc3 dxc4 4. e4 b5 5. a4 b4 6. Na2 a5 7. Bxc4 e6 8. Nf3 Nf6
9. Bg5 Nbd7 10. e5 h6 11. Bh4 g5 12. Nxg5 hxg5 13. Bxg5 Rg8 14. Bxf6 Nxf6 15.
exf6 Qxf6 16. O-O Bb7 17. Nc1 Rxg2+ 18. Kxg2 c5+ 19. f3 Qg5+ 20. Kh1 Bd6 21.
dxc5 Be5 22. Bb5+ Kf8 23. Nd3 Rd8 24. Qe2 Qh6 25. Qxe5 Rd5 26. Qb8+ Kg7 27.
Qxb7 Rh5 28. Rf2 Qe3 29. Rg1+ Kf6 30. Qe4 1-0

[Event "I Open Amatori"]
[Site "Arvier ITA"]
[Date "2011.01.04"]
[Round "2"]
[White "Bogatto, Mario"]
[Black "Cattaneo, Roger"]
[Result "0-1"]
[WhiteElo "1458"]
[BlackElo "1768"]
[PlyCount "86"]
[EventDate "2011.01.03"]

1. e4 c5 2. Ne2 Nc6 3. Nbc3 Nd4 4. Nxd4 cxd4 5. Ne2 e5 6. d3 Nf6 7. Ng3 Bb4+ 8.
Bd2 Bxd2+ 9. Qxd2 O-O 10. Be2 d5 11. f3 dxe4 12. fxe4 Bg4 13. O-O-O b5 14. h3
Be6 15. Kb1 a5 16. Qg5 Nd7 17. Qxd8 Rfxd8 18. Rhf1 b4 19. Nf5 g6 20. Nh6+ Kg7
21. Ng4 a4 22. b3 axb3 23. cxb3 Rdc8 24. Rc1 Rc3 25. Rxc3 dxc3 26. Rc1 Bxg4 27.
Bxg4 Nc5 28. Be2 Ne6 29. g3 Nd4 30. Bd1 Ra3 31. h4 h5 32. g4 hxg4 33. Bxg4 Ra6
34. Rf1 Rc6 35. Bd1 c2+ 36. Bxc2 Rxc2 37. Rh1 Rc3 38. Rh3 Ne2 39. h5 gxh5 40.
Rxh5 f6 41. Rh3 Nf4 42. Rg3+ Kh7 43. Kb2 Nxd3+ 0-1

[Event "I Open Amatori"]
[Site "Arvier ITA"]
[Date "2011.01.04"]
[Round "2"]
[White "Fragni, Enrico"]
[Black "Bosticardo, Tommaso"]
[Result "0-1"]
[WhiteElo "1753"]
[BlackElo "1649"]
[PlyCount "102"]
[EventDate "2011.01.03"]

1. Nf3 d5 2. c3 Nf6 3. d3 c5 4. Bg5 e6 5. Nbd2 Be7 6. e4 Nc6 7. Be2 O-O 8. Qc2
b6 9. O-O Bb7 10. e5 Nd7 11. Bxe7 Qxe7 12. d4 Rac8 13. Qa4 Rfd8 14. Rac1 a6 15.
Qd1 b5 16. a3 c4 17. Re1 a5 18. Nb1 b4 19. axb4 axb4 20. cxb4 Qxb4 21. Rc2 Ra8
22. Nc3 Ra7 23. Qd2 Rda8 24. Rcc1 Nb6 25. Bd1 Na5 26. Rb1 Nb3 27. Qf4 Bc6 28.
Bc2 h6 29. g4 Na4 30. Na2 Qb6 31. Nc3 Nxc3 32. bxc3 Ra2 33. Rec1 Rb8 34. g5 h5
35. g6 Qc7 36. gxf7+ Qxf7 37. Qg3 Rb7 38. Ng5 Nxc1 39. Rxc1 Qe7 40. Qh4 Be8 41.
Bh7+ Kh8 42. Qf4 Ra8 43. Bc2 Bf7 44. h4 Rf8 45. Qg3 Ra7 46. Rf1 Ra2 47. Bb1 Rb2
48. Nxf7+ Qxf7 49. Bg6 Qf4 50. Qxf4 Rxf4 51. Ra1 Rg4+ 0-1

[Event "I Open Amatori"]
[Site "Arvier ITA"]
[Date "2011.01.05"]
[Round "3"]
[White "Gromovs, Sergejs"]
[Black "Marguerettaz, Davy"]
[Result "1/2-1/2"]
[WhiteElo "2284"]
[BlackElo "2155"]
[PlyCount "99"]
[EventDate "2011.01.03"]

1. d4 d5 2. c4 c6 3. Nf3 Nf6 4. Nc3 dxc4 5. a4 Na6 6. e4 Bg4 7. Bxc4 Bxf3 8.
gxf3 e6 9. Rg1 Nb4 10. Be3 Qc7 11. f4 Rd8 12. Qb3 a6 13. O-O-O b5 14. Be2 Qa5
15. f3 g6 16. Kb1 Nd7 17. h4 Nb6 18. axb5 axb5 19. Qa3 Na4 20. Nxa4 bxa4 21.
Bd2 Rxd4 22. Bc3 Rxd1+ 23. Rxd1 Rg8 24. b3 Bc5 25. f5 gxf5 26. exf5 Nd5 27.
Bxa5 Bxa3 28. fxe6 axb3 29. exf7+ Kxf7 30. Bc4 Rg2 31. Bd2 b2 32. Ka2 Ke8 33.
Bxd5 cxd5 34. Bc3 Be7 35. Rxd5 Bxh4 36. Rh5 Be7 37. Rxh7 Rg3 38. Rh8+ Kd7 39.
Rh7 Ke8 40. Kxb2 Rxf3 41. Kc2 Rf7 42. Rh5 Rf4 43. Kd3 Rf3+ 44. Kc4 Kd7 45. Rd5+
Ke6 46. Re5+ Kf7 47. Re2 Bf6 48. Rc2 Rxc3+ 49. Rxc3 Bxc3 50. Kxc3 1/2-1/2

[Event "I Open Amatori"]
[Site "Arvier ITA"]
[Date "2011.01.05"]
[Round "3"]
[White "Yeuillaz, Corrado"]
[Black "Ranieri, Fabrizio"]
[Result "1/2-1/2"]
[WhiteElo "2235"]
[BlackElo "2279"]
[PlyCount "36"]
[EventDate "2011.01.03"]

1. d4 e6 2. c4 d5 3. Nc3 Nf6 4. Nf3 Nbd7 5. e3 c6 6. Bd3 Bd6 7. O-O O-O 8. b3
a6 9. Bb2 e5 10. cxd5 cxd5 11. dxe5 Nxe5 12. Be2 Be6 13. Na4 Qc7 14. h3 Nxf3+
15. Bxf3 Be5 16. Rc1 Qd6 17. Bxe5 Qxe5 18. Qd4 Qg5 1/2-1/2

[Event "I Open Amatori"]
[Site "Arvier ITA"]
[Date "2011.01.05"]
[Round "3"]
[White "Pierantoni, Mauro"]
[Black "Franceschi, Riccardo"]
[Result "0-1"]
[WhiteElo "1823"]
[BlackElo "2090"]
[PlyCount "74"]
[EventDate "2011.01.03"]

1. d4 d5 2. c4 e6 3. Nf3 Nf6 4. Bg5 Be7 5. Nc3 c6 6. e3 Nbd7 7. Rc1 O-O 8. Qc2
a6 9. Bd3 h6 10. h4 dxc4 11. Bxf6 cxd3 12. Bxe7 Qxe7 13. Qxd3 e5 14. Nxe5 Nxe5
15. dxe5 Qxe5 16. Qd4 Qe7 17. Rd1 Be6 18. Qd6 Qf6 19. Qf4 Qxf4 20. exf4 b5 21.
a3 Bc4 22. Rh3 a5 23. Re3 b4 24. Ne4 Bd5 25. g3 Rfb8 26. Rd2 Ra7 27. Nc5 Kf8
28. Kd1 bxa3 29. Rxa3 Rb5 30. Rc3 Re7 31. Nd3 f6 32. Rc5 Bb3+ 33. Rcc2 Rd5 34.
Kc1 Bxc2 35. Kxc2 Red7 36. Kc3 Rd4 37. b3 c5 0-1

[Event "I Open Amatori"]
[Site "Arvier ITA"]
[Date "2011.01.05"]
[Round "3"]
[White "Barazzetta, Massimo"]
[Black "Scalfi, Agostino"]
[Result "1-0"]
[WhiteElo "2022"]
[BlackElo "1559"]
[PlyCount "55"]
[EventDate "2011.01.03"]

1. e4 e5 2. Nf3 Nc6 3. d4 d6 4. dxe5 dxe5 5. Qxd8+ Nxd8 6. Nxe5 Nf6 7. f3 Bd6
8. Nc4 Bc5 9. Nc3 O-O 10. Be3 Bb4 11. Bd2 Nc6 12. O-O-O Be6 13. a3 Be7 14. Bf4
Ne8 15. Nd5 Bd6 16. Nxd6 cxd6 17. Bb5 Bxd5 18. exd5 Ne5 19. Rhe1 Nc7 20. Bxe5
dxe5 21. Ba4 f6 22. d6 Na6 23. b4 Rad8 24. Bb3+ Kh8 25. f4 Nb8 26. fxe5 fxe5
27. Rxe5 Nc6 28. Re2 1-0

[Event "I Open Amatori"]
[Site "Arvier ITA"]
[Date "2011.01.05"]
[Round "3"]
[White "Cattaneo, Roger"]
[Black "Baloire, Endy"]
[Result "1/2-1/2"]
[WhiteElo "1768"]
[BlackElo "1962"]
[PlyCount "52"]
[EventDate "2011.01.03"]

1. e4 c6 2. Nf3 d5 3. exd5 cxd5 4. d4 Bg4 5. Be2 e6 6. c3 Nf6 7. Bf4 Nc6 8. O-O
Be7 9. Nbd2 O-O 10. Ne5 Bxe2 11. Qxe2 Rc8 12. h3 a6 13. Nxc6 Rxc6 14. Nf3 b5
15. Ne5 Rb6 16. Nd3 Qc8 17. Rfc1 Qb7 18. b4 Rc6 19. Nc5 Bxc5 20. bxc5 Re8 21.
Qb2 Qa7 22. a4 bxa4 23. Rxa4 Nd7 24. Bd6 a5 25. Qb5 Ra6 26. Rb1 Rc8 1/2-1/2

[Event "I Open Amatori"]
[Site "Arvier ITA"]
[Date "2011.01.05"]
[Round "3"]
[White "Bosticardo, Tommaso"]
[Black "Belabbas, Abdellah"]
[Result "1-0"]
[WhiteElo "1649"]
[BlackElo "1890"]
[PlyCount "77"]
[EventDate "2011.01.03"]

1. d4 Nf6 2. Nf3 e6 3. c4 c5 4. d5 b5 5. e3 Bb7 6. dxe6 fxe6 7. Nc3 b4 8. Nb1
Be7 9. Be2 O-O 10. O-O d5 11. b3 Nbd7 12. Bb2 Qb6 13. Nbd2 Rad8 14. Qc2 Rfe8
15. Rfd1 Bd6 16. cxd5 exd5 17. Nf1 h6 18. Ng3 Bxg3 19. hxg3 Ne4 20. Bf1 Ndf6
21. Nh2 Rf8 22. Bd3 Rde8 23. Rf1 Ba6 24. Rad1 Bxd3 25. Rxd3 c4 26. bxc4 Rc8 27.
Bd4 Qa5 28. c5 Nxc5 29. Bxc5 Rxc5 30. Qb2 Rc3 31. Rd4 Rb8 32. Ng4 Ne4 33. Rfd1
Rc5 34. Ne5 Nc3 35. R1d2 Qa3 36. Nd7 Rbc8 37. Nxc5 Rxc5 38. Qxa3 bxa3 39. Rc2
1-0

[Event "I Open Amatori"]
[Site "Arvier ITA"]
[Date "2011.01.05"]
[Round "3"]
[White "Zerba, Fabio"]
[Black "Piazza, Giacomo"]
[Result "1-0"]
[WhiteElo "1844"]
[BlackElo "1658"]
[PlyCount "103"]
[EventDate "2011.01.03"]

1. d4 g6 2. c4 d6 3. Nf3 Bg7 4. e4 Nd7 5. Be2 b6 6. Nc3 Bb7 7. Be3 h6 8. Qd2
Ngf6 9. d5 a6 10. h3 Nc5 11. Bxc5 bxc5 12. Bd1 Rb8 13. Ba4+ Nd7 14. Ke2 O-O 15.
Bc2 e5 16. g4 Bc8 17. b3 f6 18. h4 Qe8 19. h5 Qf7 20. Rag1 g5 21. Nh2 Nb6 22.
f3 Bd7 23. Nf1 Rbd8 24. Ne3 Nc8 25. Na4 Nb6 26. Qa5 Rb8 27. Nxb6 cxb6 28. Qxa6
Bc8 29. Qa3 Bd7 30. Qb2 b5 31. cxb5 Bxb5+ 32. Bd3 Bxd3+ 33. Kxd3 Qd7 34. Qc2
Qa7 35. Nf5 Rb4 36. Nxg7 c4+ 37. Ke2 Kxg7 38. Rc1 Rc8 39. Qd2 Qb6 40. Rc3 Rc5
41. Rhc1 cxb3 42. Rxc5 dxc5 43. axb3 Rd4 44. Qc3 Qb5+ 45. Ke3 Qa6 46. Ra1 Rd3+
47. Qxd3 Qxa1 48. d6 Qa7 49. Qc4 Qb6 50. d7 Qd6 51. Qd5 Qb6 52. d8=Q 1-0

[Event "I Open Amatori"]
[Site "Arvier ITA"]
[Date "2011.01.05"]
[Round "3"]
[White "Aral, Simone"]
[Black "Serrajotto, Marino"]
[Result "0-1"]
[WhiteElo "1503"]
[BlackElo "1832"]
[PlyCount "108"]
[EventDate "2011.01.03"]

1. e4 d5 2. exd5 Qxd5 3. d4 Nc6 4. Be3 e6 5. Nc3 Bb4 6. Qd2 Nf6 7. Nxd5 Bxd2+
8. Bxd2 Nxd5 9. Bb5 Bd7 10. c3 O-O-O 11. Nf3 f6 12. O-O-O a6 13. Bd3 Rde8 14.
Rde1 Nce7 15. Re2 Ng6 16. g3 Bc6 17. Rhe1 Kd7 18. Ng1 a5 19. a3 a4 20. h4 b5
21. Nh3 Re7 22. c4 bxc4 23. Bxc4 Rhe8 24. h5 Nf8 25. Nf4 Nxf4 26. Bxf4 Bf3 27.
Re3 Bxh5 28. Bb5+ c6 29. Bxa4 Ng6 30. Rc3 Rc8 31. Be3 Bf3 32. Kb1 Be4+ 33. Ka2
Bd5+ 34. Bb3 Bxb3+ 35. Rxb3 Ree8 36. Rb7+ Rc7 37. Rxc7+ Kxc7 38. Bd2 Nf8 39.
Bb4 Nd7 40. Kb1 Kb7 41. Kc2 Nb6 42. Bc5 Nd7 43. b4 Nb6 44. Bxb6 Kxb6 45. Kb3 e5
46. dxe5 Rxe5 47. Rxe5 fxe5 48. Kc4 h5 49. a4 g5 50. Kd3 h4 51. Ke2 h3 52. Kf1
g4 53. Kg1 e4 54. Kf1 c5 0-1